<?xml version="1.0" encoding="UTF-8"?>
<marc:record xmlns:marc="http://www.loc.gov/MARC21/slim">
   <marc:leader>00000nam a2200000 a 4500</marc:leader>
   <marc:datafield ind1="0" ind2="0" tag="245">
      <marc:subfield code="a">Lauras Sternenreise</marc:subfield>
   </marc:datafield>
   <marc:datafield ind1="0" ind2="0" tag="245">
      <marc:subfield code="b">Eine Abenteuerreise durch das Weltall</marc:subfield>
   </marc:datafield>
   <marc:datafield ind1="0" ind2="0" tag="245">
      <marc:subfield code="c">Klaus Baumgart....</marc:subfield>
   </marc:datafield>
   <marc:datafield ind1="1" ind2=" " tag="520">
      <marc:subfield code="a">Die vorliegende Spielgeschichte für Vorschulkinder basiert auf dem beliebten Bilderbuch von Klaus Baumgart (s. BA 11/99). Die kleine Laura findet einen verletzten Stern, den sie gerne an seinen angestammten Platz am Himmel zurückbringen möchte. Dazu begibt sie sich gemeinsam mit ihrem Bruder Tommy in einer "Kartonrakete" auf eine Traumreise zu den Sternen. In der Spielgeschichte werden nach erfolgreichem Raketenbau vier wundersame Welten besucht. Auf dem Blumenstern, dem Musikstern, dem Stern der verlorenen Socken und dem Hundestern warten je eine kleine Spielaufgabe in zwei wählbaren Schwierigkeitsstufen auf die menschliche Flugbegleiter. Lesefähigkeit ist nicht nötig, die Erklärungen und Hilfen sind gut ins Spiel integriert, Speichern und Wiederholen sind jederzeit möglich. Der Glitzereffekt aus dem Buch hätte deutlicher sein können, die Musik ist auf Dauer zumindest für erwachsene Ohren eintönig. Kinder werden der beliebten Bilderbuchfigur jedoch gerne auf ihrer Reise durch die behutsam und liebevoll inszenierte Spielgeschichte folgen. - Breite Empfehlung, auch unabhängig von der Vorlage.</marc:subfield>
   </marc:datafield>
   <marc:datafield ind1=" " ind2=" " tag="020">
      <marc:subfield code="a">3898870251</marc:subfield>
      <marc:subfield code="9">3898870251</marc:subfield>
   </marc:datafield>
   <marc:datafield ind1=" " ind2=" " tag="500">
      <marc:subfield code="a">Ab Windows 95, Pentium 166, 32 MB; MAC 8,1, 32 MB</marc:subfield>
   </marc:datafield>
   <marc:datafield ind1="0" ind2=" " tag="490">
      <marc:subfield code="v">0</marc:subfield>
   </marc:datafield>
</marc:record>
